logo

Bir Sreshtho Munshi Abdur Rouf Library
Jhenaidah Cadet College

Consultation and education in mental health : (Record no. 8120)

MARC details
000 -LEADER
fixed length control field 01283cam a22003852 4500
001 - CONTROL NUMBER
JCCL Control Number 8120
003 - CONTROL NUMBER IDENTIFIER
JCCL marc code BD - JhCC
005 - DATE AND TIME OF LATEST TRANSACTION
control field 20180218192303.0
008 - FIXED-LENGTH DATA ELEMENTS--GENERAL INFORMATION
fixed length control field 810428s1981 caua b 000 0 eng
020 ## - INTERNATIONAL STANDARD BOOK NUMBER
International Standard Book Number 0803916388
020 ## - INTERNATIONAL STANDARD BOOK NUMBER
International Standard Book Number 0803916396 (pbk.)
035 ## - SYSTEM CONTROL NUMBER
system control number (BD - JhCC)8120
040 ## - CATALOGING SOURCE
Original cataloging agency DLC
Transcribing agency DLC
Modifying agency NLM
-- UKM
-- EQO
-- BD - JhCC
041 ## - LANGUAGE CODE
Language code of Book eng
050 0# - LIBRARY OF CONGRESS CALL NUMBER
Classification number RA790
Item number .K473
060 ## - NATIONAL LIBRARY OF MEDICINE CALL NUMBER
Classification number W1 SA126M v. 3
-- WM 30 K47c
082 0# - DEWEY DECIMAL CLASSIFICATION NUMBER
Classification number 362.2/04256
DDC Edition number 19
Author mark and Year KET 1981
100 1# - MAIN ENTRY--PERSONAL NAME
Personal name Ketterer, Richard F.
245 10 - TITLE STATEMENT
Title Consultation and education in mental health :
Remainder of title problems and prospects /
Statement of responsibility, etc Richard F. Ketterer.
260 ## - PUBLICATION, DISTRIBUTION, ETC. (IMPRINT)
Place of publication, distribution, etc Beverly Hills :
Name of publisher, distributor, etc Sage Publications,
Date of publication, distribution, etc c1981.
300 ## - PHYSICAL DESCRIPTION
Pagination 245 p. :
Other physical details ill. ;
Dimensions 23 cm.
490 1# - SERIES STATEMENT
Series statement Sage studies in community mental health ;
Volume number/sequential designation v. 3
504 ## - BIBLIOGRAPHY, ETC. NOTE
Bibliography, etc Bibliography: 235-244.
650 #0 - SUBJECT ADDED ENTRY--TOPICAL TERM
Topical term or geographic name as entry element Mental health education.
650 #0 - SUBJECT ADDED ENTRY--TOPICAL TERM
Topical term or geographic name as entry element Mental health consultation.
650 #0 - SUBJECT ADDED ENTRY--TOPICAL TERM
Topical term or geographic name as entry element Psychology, Pathological
General subdivision Prevention.
650 #0 - SUBJECT ADDED ENTRY--TOPICAL TERM
Topical term or geographic name as entry element Community mental health services.
650 #2 - SUBJECT ADDED ENTRY--TOPICAL TERM
Topical term or geographic name as entry element Community Mental Health Centers.
650 #2 - SUBJECT ADDED ENTRY--TOPICAL TERM
Topical term or geographic name as entry element Community Mental Health Services.
650 #2 - SUBJECT ADDED ENTRY--TOPICAL TERM
Topical term or geographic name as entry element Psychiatry
General subdivision education.
650 #2 - SUBJECT ADDED ENTRY--TOPICAL TERM
Topical term or geographic name as entry element Referral and Consultation.
830 #0 - SERIES ADDED ENTRY--UNIFORM TITLE
Uniform title Sage studies in community mental health ;
Volume number/sequential designation v. 3
942 ## - ADDED ENTRY ELEMENTS (KOHA)
Source of classification or shelving scheme Dewey Decimal Classification
Koha item type Books
Holdings
Source of classification or shelving scheme Damaged status Not for loan Home library Current library Shelving location Total Checkouts Full call number Barcode Date last seen Copy number Koha item type
Dewey Decimal Classification     JCC Rouf Library JCC Rouf Library General Stacks   362.2/04256 KET 1981 10564 02/18/2018 C - 1 Books

JCC Library | Contacts | JCC Home

Last Update on 23 September 2017
Copyright @ 2017-2020 JCC Rouf Library
Rouf Library, Jhenidah Cadet College (JCC), Bangladesh